|
|
|
|
| LEADER |
01109nam a2200277 a 4500 |
| 001 |
2785860 |
| 008 |
091222s1980 ii b b 000 0 eng d |
| 010 |
|
|
|a 80901767
|
| 020 |
|
|
|a 0706910346
|
| 040 |
|
|
|a DLC
|c DLC
|d DLC
|
| 082 |
0 |
0 |
|a 305.5/2/095492
|2 19
|
| 999 |
|
|
|c 6412
|d 6412
|
| 999 |
|
|
|c 6412
|
| 100 |
1 |
|
|a Karim, A. K. Nazmul
|q (Abul Khair Nazmul)
|9 496
|
| 245 |
1 |
4 |
|a The dynamics of Bangladesh society /
|c A. K. Nazmul Karim.
|
| 260 |
|
|
|a New Delhi :
|b Vikas ;
|a Dacca :
|b Nawroze Kitabistan,
|c c1980.
|
| 300 |
|
|
|a x, 242 p. :
|b maps ;
|c 23 cm.
|
| 500 |
|
|
|a A revision of the author's thesis, London School of Economics, 1964.
|
| 504 |
|
|
|a Includes bibliographical references.
|
| 541 |
1 |
|
|e 00000565
|
| 650 |
|
0 |
|a Social classes
|z Bangladesh.
|9 497
|
| 650 |
|
0 |
|a Elite (Social sciences)
|z Bangladesh.
|9 498
|
| 650 |
|
0 |
|a Land tenure
|z Bangladesh.
|9 499
|
| 852 |
4 |
|
|a Ayesha Abed Library
|j General shelf
|
| 942 |
|
|
|2 ddc
|c AV
|
| 952 |
|
|
|0 0
|1 0
|2 ddc
|4 0
|6 305_520954920000000_KAR_1980
|7 0
|9 6476
|a BRACUL
|b BRACUL
|c GEN
|d 2009-12-26
|g 160.00
|l 1
|o 305.52095492 KAR
|p 3010000565
|r 2017-12-05
|s 2017-11-28
|t 1
|v 320.00
|w 2009-12-26
|y BK
|